[Event "Orsha op"]
[Site "Orsha"]
[Date "2018.01.30"]
[Round "3"]
[White "Shvyrjov, Igor"]
[Black "Zhigalko, Sergei"]
[Result "1/2-1/2"]
[WhiteElo "2389"]
[BlackElo "2620"]
[PlyCount "151"]
[EventDate "2018.01.29"]
[EventType "swiss"]
[EventRounds "9"]
[EventCountry "BLR"]
[SourceTitle "CBM 182 Extra"]
[Source "ChessBase"]
[SourceDate "2018.02.23"]
[SourceVersion "1"]
[SourceVersionDate "2018.02.23"]
[SourceQuality "1"]

1. d4 Nf6 2. Nf3 e6 3. Bf4 d5 4. e3 Bd6 5. Bg3 0-0 6. Nbd2 b6 7. Bd3 Bb7 8. Ne5 c5 9. c3 Nc6 10. f4 Ne7 11. 0-0 Ne4 12. Qc2 Nf5 13. Rae1 Nxd2 14. Qxd2 Be7 15. Qc2 g6 16. Bf2 Nd6 17. g4 Qc8 18. Nf3 Ba6 19. Bh4 Bxh4 20. Nxh4 Qb7 21. Nf3 Rac8 22. Ne5 Bxd3 23. Nxd3 Rc7 24. h4 Ne4 25. Rf3 b5 26. dxc5 Nxc5 27. Nxc5 Rxc5 28. e4 b4 29. Qf2 Rfc8 30. exd5 bxc3 31. dxe6 fxe6 32. Rxc3 Rxc3 33. bxc3 Rxc3 34. Rxe6 Qd7 35. Qe2 Kf7 36. Re4 Qc6 37. Re7+ Kf8 38. Re6 Qc5+ 39. Kg2 Kf7 40. g5 Qd5+ 41. Re4 Rd3 42. Kf2 Qc5+ 43. Re3 Rc3 44. Kf3 Qd5+ 45. Kf2 Qd4 46. Kf3 Qd5+ 47. Kf2 Rc7 48. Qb2 Qd6 49. Qb3+ Kg7 50. Qb2+ Kf7 51. Qe5 Rc2+ 52. Re2 Qxe5 53. fxe5 Rc4 54. e6+ Ke7 55. Kg3 Ra4 56. Kh3 a6 57. Kg3 a5 58. Kh3 Rd4 59. Re5 Ra4 60. Re2 Rd4 61. Re5 a4 62. Ra5 Kxe6 63. Kg3 Rd3+ 64. Kf4 Ra3 65. Ra7 Rxa2 66. Rxh7 Rf2+ 67. Ke4 Rh2 68. Rh6 Kf7 69. Rh7+ Ke6 70. Rh6 Kf7 71. Rh7+ Kg8 72. Ra7 Rxh4+ 73. Ke5 Rb4 74. Ra6 Kf7 75. Ra7+ Kg8 76. Ra6 1/2-1/2

[Event "Viljandi Raud Olympic 51st"]
[Site "Viljandi"]
[Date "2017.07.01"]
[Round "4.1"]
[White "Shvyrjov, Igor"]
[Black "Krupenski, Juri"]
[Result "1-0"]
[WhiteElo "2389"]
[BlackElo "2413"]
[PlyCount "129"]
[EventDate "2017.07.01"]
[EventType "k.o. (rapid)"]
[EventRounds "6"]
[EventCountry "EST"]
[SourceTitle "CBM 179 Extra"]
[Source "ChessBase"]
[SourceDate "2017.08.23"]
[SourceVersion "1"]
[SourceVersionDate "2017.08.23"]
[SourceQuality "1"]

1. d4 Nf6 2. Nf3 e6 3. c3 c5 4. Bg5 h6 5. Bh4 Qb6 6. Qb3 Nc6 7. Bxf6 gxf6 8. e3 Qc7 9. Nbd2 d5 10. g3 b6 11. Be2 Bb7 12. 0-0 h5 13. Nh4 Be7 14. f4 f5 15. Ndf3 Rg8 16. Kf2 Rc8 17. Ng2 Na5 18. Qa4+ Bc6 19. Qc2 Nc4 20. Ne5 Rh8 21. h4 Nd6 22. Bf3 Bb5 23. Rg1 Bf6 24. a4 Ba6 25. a5 b5 26. Qd2 Ke7 27. Nd3 Nb7 28. b4 cxd4 29. cxd4 Nd6 30. Nc5 Bb7 31. a6 Bc6 32. Ne1 Ne4+ 33. Bxe4 dxe4 34. Nc2 Bd5 35. Na3 Rb8 36. Rgc1 Qb6 37. Qe2 Ke8 38. Rc3 Be7 39. Rac1 Bd6 40. Qb2 Ke7 41. Nb1 Rhg8 42. Nd2 Rg4 43. Ndb3 Rbg8 44. Rg1 Bxb3 45. Qxb3 Bxc5 46. bxc5 Qxa6 47. c6 Kf6 48. d5 b4 49. Rc2 Qd3 50. Qb2+ Kg6 51. dxe6 fxe6 52. c7 Rc8 53. Rc6 Kf7 54. Re1 Qd7 55. Qc2 b3 56. Qc4 Rgg8 57. Rc5 Ke7 58. Qb4 Qd6 59. Rec1 Kf7 60. Qxb3 Qd2+ 61. Kf1 Rxg3 62. Rxf5+ Ke7 63. Qa3+ Kd7 64. Rf7+ Ke8 65. Qe7# 1-0